Manual de didáctica del lenguaje.

Збережено в:
Бібліографічні деталі
Автор: Bazán, José (autor)
Інші автори: Mora, Alejandro de la (autor) (autor), Olmedo, Javier (autor) (autor)
Формат: Книга
Мова:Іспанська
Предмети:
Теги: Додати тег
Немає тегів, Будьте першим, хто поставить тег для цього запису!

MARC

LEADER 00000cam^a2200000uu^4500
001 000457824
005 20250521000000.0
008 050901s1979^^^^^^^^^^^^rd^r^^000^0^spa^d
009 20260310124054.742
035 |a FCE 000000267 
035 |a FCE 000268 
037 |a Acervo ITESO - Biblioteca 
041 |a spa 
082 0 4 |a 371.30  |b BAZm 
100 |a Bazán, José  |e (autor) 
245 1 0 |a Manual de didáctica del lenguaje. 
264 |a México :  |b UNAM,  |c 1979. 
300 |a 117 p. 
336 |a texto  |b txt  |2 rdacontenido 
337 |a sin mediación  |b n  |2 rdamedio 
338 |a volumen  |b nc  |2 rdasoporte 
649 |a XX 
650 |a Manual 
650 |a Didáctica 
650 |a Televisión educativa 
650 |a Formación profesional 
650 |a Lenguaje 
650 |a Programa de aprendizaje 
650 |a Sistema de capacitación 
700 |a Mora, Alejandro de la  |e (autor) 
700 |a Olmedo, Javier  |e (autor) 
910 |a Fondo Centro de Estudios Educativos 
920 |a Impresos - Libros 
930 |a Fondos Especiales 
905 |a 133 
901 |a ALE000268  |b IT2  |c CEE  |u 20250521 
902 |a https://opac.biblio.iteso.mx/vufind/Record/000457824